Věrný služebník : zábavná povídka pro útlou i dospělejší mládež /

Hlavní autor: Hoffmann, Alexander Friedrich Franz, 1814-1882
Další autoři: Tomsa, František Bohumil, 1793-1857
Jazyk: Čeština
Vydáno: Praha : K. Bellmann, 1863
Témata:
Fyzický popis: 157 s.
Knihy
Uloženo v:
LEADER 00851nam a22002411a 4500
001 000701051
003 CZ BrMZK
005 20031218104901.0
008 031218s1863 xr f cze d
015 |a cnb001784855 
040 |a BOA001  |b cze  |c BOA001 
041 1 |a cze  |h ger 
100 1 |a Hoffmann, Alexander Friedrich Franz,  |d 1814-1882  |7 jo2003186438  |4 aut 
245 1 0 |a Věrný služebník :  |b zábavná povídka pro útlou i dospělejší mládež /  |c podle Franze Hoffmanna zčeštil F.B. Tomsa 
260 |a Praha :  |b K. Bellmann,  |c 1863 
300 |a 157 s. 
500 |a Překlad? 
700 1 |a Tomsa, František Bohumil,  |d 1793-1857  |7 jk01132742  |4 trl 
910 |a BOA001  |b PK-A-0016.250 
964 |a Bohemika - stol. 19. 
990 |a BK 
993 |a Y 
996 6 |b BC-130641  |c PK-A-0016.250  |l MZK  |r Sklad / do 1 hodiny  |n 0  |w 000701051  |u 000010  |a 1  |e BOA001  |j MZK50  |s P